Problems in mathematical analysis III : Integration (Record no. 7448)

MARC details
000 -LEADER
fixed length control field 00966 a2200445 4500
000 - LEADER
fixed length control field BKB
001 - CONTROL NUMBER
control field 133120
005 - DATE AND TIME OF LATEST TRANSACTION
control field 20200902152046.0
008 - FIXED-LENGTH DATA ELEMENTS--GENERAL INFORMATION
fixed length control field
010 ## - LIBRARY OF CONGRESS CONTROL NUMBER
LC control number
020 ## - INTERNATIONAL STANDARD BOOK NUMBER
International Standard Book Number 9780821848531
082 ## - DEWEY DECIMAL CLASSIFICATION NUMBER
Classification number 515.076
Item number K11P
100 1# - MAIN ENTRY--PERSONAL NAME
Personal name Kaczor,W. J.
110 ## - MAIN ENTRY--CORPORATE NAME
Corporate name or jurisdiction name as entry element
245 1# - TITLE STATEMENT
Title Problems in mathematical analysis III : Integration
Statement of responsibility, etc by Kaczor W. J. and Nowak M.T.
250 ## - EDITION STATEMENT
Edition statement
260 ## - PUBLICATION, DISTRIBUTION, ETC. (IMPRINT)
Place of publication, distribution, etc Rhode Islan
Name of publisher, distributor, etc American Mathematical Society
Date of publication, distribution, etc 2009
300 ## - PHYSICAL DESCRIPTION
Extent 356p.
490 ## - SERIES STATEMENT
Series statement
Volume number/sequential designation
500 ## - GENERAL NOTE
General note
600 ## - SUBJECT ADDED ENTRY--PERSONAL NAME
Personal name
610 ## - SUBJECT ADDED ENTRY--CORPORATE NAME
Corporate name or jurisdiction name as entry element
611 ## - SUBJECT ADDED ENTRY--MEETING NAME
Meeting name or jurisdiction name as entry element
630 ## - SUBJECT ADDED ENTRY--UNIFORM TITLE
Uniform title Mathematics
650 ## - SUBJECT ADDED ENTRY--TOPICAL TERM
Topical term or geographic name as entry element
651 ## - SUBJECT ADDED ENTRY--GEOGRAPHIC NAME
Geographic name
654 ## - SUBJECT ADDED ENTRY--FACETED TOPICAL TERM
Focus term
690 ## - LOCAL SUBJECT ADDED ENTRY--TOPICAL TERM (OCLC, RLIN)
Topical term or geographic name as entry element Mathematical analysis; Differentiable functions
700 ## - ADDED ENTRY--PERSONAL NAME
Personal name Nowak, M.T.
Numeration
Titles and other words associated with a name
710 ## - ADDED ENTRY--CORPORATE NAME
Corporate name or jurisdiction name as entry element
Subordinate unit
Location of meeting
711 ## - ADDED ENTRY--MEETING NAME
Meeting name or jurisdiction name as entry element
720 ## - ADDED ENTRY--UNCONTROLLED NAME
Name
730 ## - ADDED ENTRY--UNIFORM TITLE
Uniform title
740 ## - ADDED ENTRY--UNCONTROLLED RELATED/ANALYTICAL TITLE
Uncontrolled related/analytical title
752 ## - ADDED ENTRY--HIERARCHICAL PLACE NAME
Country or larger entity
856 ## - ELECTRONIC LOCATION AND ACCESS
Host name
Path
Electronic name
904 ## - LOCAL DATA ELEMENT D, LDD (RLIN)
a
964 ## -
--
--
--
--
--
--
--
965 ## -
--
Holdings
Withdrawn status Lost status Damaged status Not for loan Home library Current library Date acquired Total Checkouts Full call number Barcode Date last seen Date checked out Price effective from Koha item type Checked out
        Central University Of Rajasthan Central University Of Rajasthan 25/08/2012 1 515.076 K11P 10635 23/02/2026 16/02/2026 02/09/2020 Books  
        Central University Of Rajasthan Central University Of Rajasthan 27/07/2016   515.076 K11P 27771 02/09/2020   02/09/2020 Books 01/01/2018